000 00306nam a22001457a 4500
003 SGT
020 _a9789353166298
082 _a620,SHB
100 _aSUBRAMANYA.K
245 _aFOW IN OPEN CHANNELS
250 _a5TH
260 _aNEW DELHI
_bMC GRAW HILL
_c2024
300 _a656
942 _2ddc
_cBK
_01
999 _c28335
_d28335